Vald - REGULATION - Statistiques

Statistiques générales
  • Ce quiz a été pris 87 fois
  • Le résultat moyen est 285 sur 381
Statistiques - réponses
Paroles % Correct
on
97%
est
95%
trop
95%
Bitch
94%
réguler
94%
le
92%
a
90%
à
90%
de
90%
je
90%
va
90%
en
89%
et
89%
la
89%
La
89%
les
89%
Les
89%
un
87%
viens
87%
Viens
87%
fait
86%
pas
86%
Tout
86%
tout
86%
tu
86%
Tu
86%
enculer
84%
pour
84%
Pour
84%
toi
84%
une
84%
ça
83%
faut
83%
ne
83%
crocs
81%
monde
81%
il
79%
l'monde
79%
reculer
79%
t'faire
79%
chez
78%
étoile
78%
être
78%
si
76%
Si
76%
au
75%
nous
75%
ou
75%
moins
73%
n'est
73%
rester
73%
vas
73%
étroit
71%
j'peux
71%
bal
70%
des
70%
se
70%
veux
70%
c'est
68%
fin
68%
balle
67%
d'CO2
67%
derrière
67%
qui
67%
y
67%
Y
67%
trône
65%
fais
63%
prends
63%
bien
62%
gnou
62%
nique
62%
qu'il
62%
tête
62%
ton
62%
affreux
60%
meilleur
60%
raison
60%
ta
60%
déjà
59%
gagne
59%
Mais
59%
pieu
59%
rentable
59%
rien
59%
Thanos
59%
cadavre
57%
feu
57%
même
57%
place
56%
sang
56%
Terre
56%
avant
54%
dans
54%
d'rester
54%
mère
54%
plus
54%
sers
54%
berger
52%
cent
52%
comme
52%
fumer
52%
gens
52%
niquer
52%
nettoie
51%
saturé
51%
cimetière
49%
direct
49%
j'pense
49%
rapide
49%
reset
49%
truc
49%
d'enfants
48%
Marvel
48%
misère
48%
pensent
48%
pourrait
48%
voir
48%
d'SDF
46%
marche
46%
ménopausée
46%
abusé
44%
dessus
44%
l'rap
44%
cohue
43%
depuis
43%
sont
41%
peine
40%
Surtout
40%
Trouve
40%
putain
38%
très
38%
vendredi
38%
pollués
37%
s'alliait
37%
chaque
35%
serveurs
35%
évoluer
33%
d'âmes
32%
n'en
32%
rajoute
32%
eh
27%
gange
3%
Aucun quiz correspondant
Distribution des résultats
% des personnes avec chaque résultat
Percentile par nombre de réponses
Votre historique - résultats
Vous n’avez pas pris ce quiz